[Event "World Cup 2023 Open"]
[Site "Baku, Azerbaijan"]
[Date "2023.08.05"]
[Round "15.29"]
[White "Liang Awonder (USA)"]
[Black "Yilmaz Mustafa (TUR)"]
[Result "0-1"]
[WhiteFideId "2056437"]
[BlackFideId "6302718"]
[WhiteElo "2649"]
[BlackElo "2639"]

1. Nf3 {[%clk 00:10:19]} {[%emt 00:08:39]} d5 {[%clk 00:10:19]} {[%emt
00:00:01]} 2. e3 {[%clk 00:10:27]} {[%emt 00:00:02]} Nf6 {[%clk 00:10:26]}
{[%emt 00:00:03]} 3. c4 {[%clk 00:10:36]} {[%emt 00:00:01]} e6 {[%clk
00:10:35]} {[%emt 00:00:01]} 4. Nc3 {[%clk 00:10:45]} Bd6 {[%clk 00:10:27]}
{[%emt 00:00:17]} 5. b3 {[%clk 00:10:52]} {[%emt 00:00:04]} c5 {[%clk
00:10:21]} {[%emt 00:00:16]} 6. Bb2 {[%clk 00:10:49]} {[%emt 00:00:14]} Nc6
{[%clk 00:10:28]} {[%emt 00:00:02]} 7. cxd5 {[%clk 00:10:46]} {[%emt 00:00:13]}
exd5 {[%clk 00:10:37]} {[%emt 00:00:02]} 8. d4 {[%clk 00:10:55]} cxd4 {[%clk
00:10:29]} {[%emt 00:00:17]} 9. Nxd4 {[%clk 00:11:04]} {[%emt 00:00:02]} O-O
{[%clk 00:10:18]} {[%emt 00:00:21]} 10. Be2 {[%clk 00:11:07]} {[%emt 00:00:07]}
Nxd4 {[%clk 00:09:47]} {[%emt 00:00:41]} 11. Qxd4 {[%clk 00:11:14]} {[%emt
00:00:02]} Re8 {[%clk 00:09:40]} {[%emt 00:00:17]} 12. Rd1 {[%clk 00:10:43]}
{[%emt 00:00:41]} Be5 {[%clk 00:09:12]} {[%emt 00:00:37]} 13. Qd3 {[%clk
00:07:51]} {[%emt 00:03:03]} Bg4 {[%clk 00:05:47]} {[%emt 00:03:35]} 14. Bxg4
{[%clk 00:05:14]} {[%emt 00:02:47]} Nxg4 {[%clk 00:05:55]} {[%emt 00:00:01]} 15.
Qxd5 {[%clk 00:04:27]} {[%emt 00:00:57]} Qh4 {[%clk 00:06:02]} {[%emt
00:00:03]} 16. g3 {[%clk 00:04:24]} {[%emt 00:00:14]} Qf6 {[%clk 00:05:24]}
{[%emt 00:00:47]} 17. Qd2 {[%clk 00:01:26]} {[%emt 00:03:08]} Rad8 {[%clk
00:05:30]} {[%emt 00:00:05]} 18. Nd5 {[%clk 00:00:16]} {[%emt 00:01:20]} Rxd5
{[%clk 00:05:29]} {[%emt 00:00:10]} 0-1

[Event "World Cup 2023 Open"]
[Site "Baku, Azerbaijan"]
[Date "2023.08.04"]
[Round "14.2"]
[White "Giri Anish (NED)"]
[Black "Nesterov Arseniy (FID)"]
[Result "1/2-1/2"]
[WhiteFideId "24116068"]
[BlackFideId "24198455"]
[WhiteElo "2775"]
[BlackElo "2554"]

1. e4 {[%clk 00:25:20]} {[%emt 00:40:57]} e5 {[%clk 00:25:18]} {[%emt
00:00:03]} 2. Nf3 {[%clk 00:25:28]} Nc6 {[%clk 00:25:28]} {[%emt 00:00:01]} 3.
Bb5 {[%clk 00:25:37]} {[%emt 00:00:01]} a6 {[%clk 00:25:37]} {[%emt 00:00:01]}
4. Ba4 {[%clk 00:25:44]} Nf6 {[%clk 00:25:42]} {[%emt 00:00:07]} 5. O-O {[%clk
00:25:49]} {[%emt 00:00:05]} Be7 {[%clk 00:25:48]} {[%emt 00:00:03]} 6. d3
{[%clk 00:25:55]} {[%emt 00:00:04]} d6 {[%clk 00:25:39]} {[%emt 00:00:19]} 7.
c3 {[%clk 00:26:01]} {[%emt 00:00:04]} O-O {[%clk 00:25:44]} {[%emt 00:00:05]}
8. Re1 {[%clk 00:26:08]} {[%emt 00:00:04]} h6 {[%clk 00:25:40]} {[%emt
00:00:14]} 9. Nbd2 {[%clk 00:26:09]} {[%emt 00:00:08]} Nd7 {[%clk 00:24:53]}
{[%emt 00:00:57]} 10. Nf1 {[%clk 00:24:57]} {[%emt 00:01:21]} Nc5 {[%clk
00:24:19]} {[%emt 00:00:44]} 11. Bxc6 {[%clk 00:24:41]} {[%emt 00:00:27]} bxc6
{[%clk 00:24:28]} {[%emt 00:00:01]} 12. d4 {[%clk 00:24:50]} exd4 {[%clk
00:23:49]} {[%emt 00:00:49]} 13. cxd4 {[%clk 00:23:40]} {[%emt 00:01:20]} Nd7
{[%clk 00:23:38]} {[%emt 00:00:21]} 14. Ng3 {[%clk 00:23:38]} {[%emt 00:00:11]}
c5 {[%clk 00:23:04]} {[%emt 00:00:44]} 15. Be3 {[%clk 00:23:38]} {[%emt
00:00:10]} Rb8 {[%clk 00:22:14]} {[%emt 00:01:00]} 16. Qc2 {[%clk 00:23:28]}
{[%emt 00:00:20]} cxd4 {[%clk 00:20:01]} {[%emt 00:02:23]} 17. Bxd4 {[%clk
00:21:25]} {[%emt 00:02:13]} Bf6 {[%clk 00:19:12]} {[%emt 00:01:00]} 18. Bxf6
{[%clk 00:18:55]} {[%emt 00:02:40]} Qxf6 {[%clk 00:18:32]} {[%emt 00:00:50]} 19.
Qxc7 {[%clk 00:18:52]} {[%emt 00:00:13]} Rxb2 {[%clk 00:18:40]} {[%emt
00:00:02]} 20. Nh5 {[%clk 00:18:07]} {[%emt 00:00:55]} Qg6 {[%clk 00:17:20]}
{[%emt 00:01:30]} 21. Nf4 {[%clk 00:18:15]} {[%emt 00:00:01]} Qf6 {[%clk
00:17:21]} {[%emt 00:00:10]} 22. Nh5 {[%clk 00:18:23]} {[%emt 00:00:01]} Qg6
{[%clk 00:17:28]} {[%emt 00:00:03]} 1/2-1/2

[Event "World Cup 2023 Open"]
[Site "Baku, Azerbaijan"]
[Date "2023.08.04"]
[Round "14.3"]
[White "So Wesley (USA)"]
[Black "Can Emre (TUR)"]
[Result "1/2-1/2"]
[WhiteFideId "5202213"]
[BlackFideId "6302181"]
[WhiteElo "2769"]
[BlackElo "2570"]

1. b3 {[%clk 00:25:10]} {[%emt 00:28:45]} e5 {[%clk 00:25:01]} {[%emt
00:00:30]} 2. Bb2 {[%clk 00:25:19]} {[%emt 00:00:02]} Nc6 {[%clk 00:25:09]}
{[%emt 00:00:02]} 3. e3 {[%clk 00:25:27]} {[%emt 00:00:01]} g6 {[%clk
00:25:11]} {[%emt 00:00:08]} 4. d4 {[%clk 00:25:00]} {[%emt 00:00:36]} exd4
{[%clk 00:23:37]} {[%emt 00:01:46]} 5. Nf3 {[%clk 00:24:57]} {[%emt 00:00:12]}
Bg7 {[%clk 00:23:32]} {[%emt 00:00:15]} 6. Nxd4 {[%clk 00:25:01]} {[%emt
00:00:06]} Nf6 {[%clk 00:23:12]} {[%emt 00:00:31]} 7. Nxc6 {[%clk 00:23:23]}
{[%emt 00:01:48]} bxc6 {[%clk 00:23:17]} {[%emt 00:00:04]} 8. Be2 {[%clk
00:23:25]} {[%emt 00:00:07]} O-O {[%clk 00:23:17]} {[%emt 00:00:10]} 9. O-O
{[%clk 00:23:30]} {[%emt 00:00:05]} a5 {[%clk 00:23:25]} {[%emt 00:00:04]} 10.
c4 {[%clk 00:23:10]} {[%emt 00:00:30]} a4 {[%clk 00:23:26]} {[%emt 00:00:09]}
11. c5 {[%clk 00:22:27]} {[%emt 00:00:52]} Qe7 {[%clk 00:22:58]} {[%emt
00:00:38]} 12. b4 {[%clk 00:22:06]} {[%emt 00:00:32]} d6 {[%clk 00:22:55]}
{[%emt 00:00:13]} 13. cxd6 {[%clk 00:21:57]} {[%emt 00:00:19]} cxd6 {[%clk
00:23:03]} {[%emt 00:00:02]} 14. a3 {[%clk 00:22:02]} {[%emt 00:00:05]} Be6
{[%clk 00:22:40]} {[%emt 00:00:33]} 15. Nd2 {[%clk 00:21:41]} {[%emt 00:00:31]}
c5 {[%clk 00:22:40]} {[%emt 00:00:10]} 16. bxc5 {[%clk 00:21:15]} {[%emt
00:00:36]} dxc5 {[%clk 00:22:48]} {[%emt 00:00:02]} 17. Qc2 {[%clk 00:21:18]}
{[%emt 00:00:07]} Rab8 {[%clk 00:22:30]} {[%emt 00:00:28]} 18. Rab1 {[%clk
00:17:01]} {[%emt 00:04:27]} Rfd8 {[%clk 00:22:10]} {[%emt 00:00:30]} 19. Bxf6
{[%clk 00:16:28]} {[%emt 00:00:43]} Qxf6 {[%clk 00:21:47]} {[%emt 00:00:33]} 20.
Rxb8 {[%clk 00:14:18]} {[%emt 00:02:21]} Rxb8 {[%clk 00:21:54]} {[%emt
00:00:02]} 21. Qxa4 {[%clk 00:14:23]} {[%emt 00:00:05]} Qb2 {[%clk 00:21:09]}
{[%emt 00:00:56]} 22. Rb1 {[%clk 00:10:57]} {[%emt 00:03:36]} Qxb1+ {[%clk
00:21:16]} {[%emt 00:00:03]} 23. Nxb1 {[%clk 00:11:05]} {[%emt 00:00:01]} Rxb1+
{[%clk 00:21:24]} {[%emt 00:00:02]} 24. Bd1 {[%clk 00:10:34]} {[%emt 00:00:41]}
c4 {[%clk 00:20:52]} {[%emt 00:00:42]} 25. Kf1 {[%clk 00:09:16]} {[%emt
00:01:28]} h5 {[%clk 00:20:42]} {[%emt 00:00:20]} 26. Ke2 {[%clk 00:08:26]}
{[%emt 00:01:00]} Rb2+ {[%clk 00:20:01]} {[%emt 00:00:50]} 27. Bc2 {[%clk
00:08:21]} {[%emt 00:00:16]} Ra2 {[%clk 00:19:56]} {[%emt 00:00:15]} 28. h3
{[%clk 00:07:00]} {[%emt 00:01:31]} Bf8 {[%clk 00:19:53]} {[%emt 00:00:13]} 29.
e4 {[%clk 00:04:56]} {[%emt 00:02:14]} Rxa3 {[%clk 00:19:55]} {[%emt 00:00:09]}
30. Qb5 {[%clk 00:05:02]} {[%emt 00:00:04]} Ra2 {[%clk 00:19:53]} {[%emt
00:00:11]} 31. Kd1 {[%clk 00:05:00]} {[%emt 00:00:13]} Bh6 {[%clk 00:18:46]}
{[%emt 00:01:15]} 32. Qb8+ {[%clk 00:04:11]} {[%emt 00:01:01]} Kh7 {[%clk
00:18:08]} {[%emt 00:00:48]} 33. f4 {[%clk 00:04:05]} {[%emt 00:00:16]} c3
{[%clk 00:17:42]} {[%emt 00:00:36]} 34. Qc7 {[%clk 00:03:26]} {[%emt 00:00:49]}
Ra1+ {[%clk 00:16:39]} {[%emt 00:01:13]} 35. Ke2 {[%clk 00:03:35]} {[%emt
00:00:01]} Rc1 {[%clk 00:15:11]} {[%emt 00:01:38]} 36. Bd3 {[%clk 00:02:13]}
{[%emt 00:01:32]} Bb3 {[%clk 00:12:53]} {[%emt 00:02:28]} 37. f5 {[%clk
00:02:14]} {[%emt 00:00:09]} c2 {[%clk 00:10:10]} {[%emt 00:02:52]} 38. fxg6+
{[%clk 00:02:19]} {[%emt 00:00:05]} Kxg6 {[%clk 00:10:18]} {[%emt 00:00:02]} 39.
Qc6+ {[%clk 00:01:54]} {[%emt 00:00:35]} Kg7 {[%clk 00:09:36]} {[%emt
00:00:52]} 40. Qc3+ {[%clk 00:01:51]} {[%emt 00:00:14]} Kg8 {[%clk 00:09:39]}
{[%emt 00:00:06]} 41. Qxb3 {[%clk 00:01:36]} {[%emt 00:00:25]} Re1+ {[%clk
00:09:43]} {[%emt 00:00:06]} 42. Kxe1 {[%clk 00:01:43]} {[%emt 00:00:04]} c1=Q+
{[%clk 00:09:49]} {[%emt 00:00:03]} 43. Qd1 {[%clk 00:01:44]} {[%emt 00:00:09]}
Qc3+ {[%clk 00:09:21]} {[%emt 00:00:39]} 44. Kf1 {[%clk 00:01:30]} {[%emt
00:00:24]} Be3 {[%clk 00:09:24]} {[%emt 00:00:07]} 45. Ke2 {[%clk 00:01:24]}
{[%emt 00:00:17]} Bc5 {[%clk 00:09:13]} {[%emt 00:00:18]} 46. Qd2 {[%clk
00:01:21]} {[%emt 00:00:16]} Qe5 {[%clk 00:09:00]} {[%emt 00:00:22]} 47. Kd1
{[%clk 00:01:15]} {[%emt 00:00:16]} Qg3 {[%clk 00:08:57]} {[%emt 00:00:13]} 48.
Bc4 {[%clk 00:01:18]} {[%emt 00:00:08]} Be3 {[%clk 00:08:49]} {[%emt 00:00:18]}
49. Qe2 {[%clk 00:01:06]} {[%emt 00:00:22]} h4 {[%clk 00:07:10]} {[%emt
00:01:49]} 50. Qg4+ {[%clk 00:01:04]} {[%emt 00:00:12]} Qxg4+ {[%clk 00:07:17]}
{[%emt 00:00:03]} 51. hxg4 {[%emt 00:00:01]} 1/2-1/2

[Event "World Cup 2023 Open"]
[Site "Baku, Azerbaijan"]
[Date "2023.08.04"]
[Round "14.4"]
[White "Vachier-Lagrave Maxime (FRA)"]
[Black "Dragnev Valentin (AUT)"]
[Result "1-0"]
[WhiteFideId "623539"]
[BlackFideId "1634852"]
[WhiteElo "2739"]
[BlackElo "2576"]

1. e4 {[%clk 00:25:19]} e5 {[%clk 00:25:18]} {[%emt 00:00:02]} 2. Nf3 {[%clk
00:25:27]} {[%emt 00:00:02]} Nf6 {[%clk 00:25:27]} {[%emt 00:00:01]} 3. Nxe5
{[%clk 00:25:36]} {[%emt 00:00:02]} d6 {[%clk 00:25:35]} {[%emt 00:00:02]} 4.
Nf3 {[%clk 00:25:44]} {[%emt 00:00:01]} Nxe4 {[%clk 00:25:43]} {[%emt
00:00:03]} 5. d4 {[%clk 00:25:50]} {[%emt 00:00:04]} d5 {[%clk 00:25:48]}
{[%emt 00:00:05]} 6. Bd3 {[%clk 00:25:59]} {[%emt 00:00:01]} Nc6 {[%clk
00:25:53]} {[%emt 00:00:06]} 7. O-O {[%clk 00:25:24]} {[%emt 00:00:45]} Be7
{[%clk 00:26:01]} {[%emt 00:00:01]} 8. Nbd2 {[%clk 00:24:40]} {[%emt 00:00:54]}
Bf5 {[%clk 00:26:01]} {[%emt 00:00:10]} 9. Re1 {[%clk 00:24:47]} {[%emt
00:00:03]} Nxd2 {[%clk 00:26:07]} {[%emt 00:00:05]} 10. Qxd2 {[%clk 00:24:52]}
{[%emt 00:00:06]} Qd7 {[%clk 00:26:09]} {[%emt 00:00:07]} 11. Bxf5 {[%clk
00:23:33]} {[%emt 00:01:28]} Qxf5 {[%clk 00:26:18]} {[%emt 00:00:02]} 12. Ne5
{[%clk 00:23:42]} {[%emt 00:00:01]} Nd8 {[%clk 00:26:22]} {[%emt 00:00:05]} 13.
c4 {[%clk 00:23:49]} {[%emt 00:00:03]} dxc4 {[%clk 00:26:27]} {[%emt 00:00:05]}
14. d5 {[%clk 00:22:43]} {[%emt 00:01:16]} O-O {[%clk 00:26:21]} {[%emt
00:00:17]} 15. Nxc4 {[%clk 00:22:51]} {[%emt 00:00:02]} Bf6 {[%clk 00:26:27]}
{[%emt 00:00:03]} 16. Qd1 {[%clk 00:21:16]} {[%emt 00:01:45]} b6 {[%clk
00:25:56]} {[%emt 00:00:41]} 17. g4 {[%clk 00:20:08]} {[%emt 00:01:18]} Qg6
{[%clk 00:22:39]} {[%emt 00:03:28]} 18. Bf4 {[%clk 00:19:35]} {[%emt 00:00:42]}
c6 {[%clk 00:22:39]} {[%emt 00:00:10]} 19. Bd6 {[%clk 00:17:55]} {[%emt
00:01:50]} cxd5 {[%clk 00:22:26]} {[%emt 00:00:23]} 20. Bxf8 {[%clk 00:17:47]}
{[%emt 00:00:18]} Ne6 {[%clk 00:22:25]} {[%emt 00:00:11]} 21. Ne5 {[%clk
00:13:59]} {[%emt 00:03:58]} Bxe5 {[%clk 00:22:30]} {[%emt 00:00:05]} 22. Rxe5
{[%clk 00:14:08]} Rxf8 {[%clk 00:22:37]} {[%emt 00:00:03]} 23. Qf3 {[%clk
00:11:29]} {[%emt 00:02:49]} d4 {[%clk 00:20:51]} {[%emt 00:01:55]} 24. Qe4
{[%clk 00:10:47]} {[%emt 00:00:52]} Qf6 {[%clk 00:19:57]} {[%emt 00:01:04]} 25.
Rf5 {[%clk 00:10:28]} {[%emt 00:00:29]} Qe7 {[%clk 00:20:06]} {[%emt 00:00:01]}
26. Re1 {[%clk 00:10:22]} {[%emt 00:00:16]} Qb4 {[%clk 00:19:55]} {[%emt
00:00:21]} 27. b3 {[%clk 00:09:18]} {[%emt 00:01:14]} g6 {[%clk 00:19:08]}
{[%emt 00:00:57]} 28. Re5 {[%clk 00:09:04]} {[%emt 00:00:23]} Nc5 {[%clk
00:18:39]} {[%emt 00:00:39]} 29. Qf3 {[%clk 00:08:46]} {[%emt 00:00:28]} d3
{[%clk 00:18:28]} {[%emt 00:00:22]} 30. Re8 {[%clk 00:08:09]} {[%emt 00:00:47]}
Ne6 {[%clk 00:16:11]} {[%emt 00:02:27]} 31. Rxf8+ {[%clk 00:08:16]} {[%emt
00:00:03]} Nxf8 {[%clk 00:15:42]} {[%emt 00:00:39]} 32. Rd1 {[%clk 00:08:24]}
{[%emt 00:00:01]} Nd7 {[%clk 00:10:35]} {[%emt 00:05:18]} 33. Rxd3 {[%clk
00:08:32]} {[%emt 00:00:02]} Ne5 {[%clk 00:10:44]} {[%emt 00:00:01]} 34. Rd8+
{[%clk 00:08:40]} {[%emt 00:00:01]} Kg7 {[%clk 00:10:53]} {[%emt 00:00:01]} 35.
Qe2 {[%clk 00:08:02]} {[%emt 00:00:47]} Nxg4 {[%clk 00:08:09]} {[%emt
00:02:55]} 36. h3 {[%clk 00:07:01]} {[%emt 00:01:11]} Nf6 {[%clk 00:08:15]}
{[%emt 00:00:04]} 37. Qe5 {[%clk 00:07:09]} {[%emt 00:00:02]} Qh4 {[%clk
00:07:08]} {[%emt 00:01:17]} 38. Rd6 {[%clk 00:07:04]} {[%emt 00:00:16]} h6
{[%clk 00:06:57]} {[%emt 00:00:22]} 39. Kg2 {[%clk 00:07:11]} {[%emt 00:00:02]}
Qe4+ {[%clk 00:06:04]} {[%emt 00:01:04]} 40. Qxe4 {[%clk 00:07:17]} {[%emt
00:00:03]} Nxe4 {[%clk 00:06:13]} 41. Rc6 {[%clk 00:06:59]} {[%emt 00:00:28]}
Kf8 {[%clk 00:04:31]} {[%emt 00:01:52]} 42. b4 {[%clk 00:06:27]} {[%emt
00:00:42]} Ke8 {[%clk 00:04:37]} {[%emt 00:00:04]} 43. Rc7 {[%clk 00:05:56]}
{[%emt 00:00:41]} a6 {[%clk 00:04:23]} {[%emt 00:00:24]} 44. Rc6 {[%clk
00:05:45]} {[%emt 00:00:20]} b5 {[%clk 00:04:31]} {[%emt 00:00:02]} 45. Rxa6
{[%clk 00:05:47]} {[%emt 00:00:08]} Kd7 {[%clk 00:04:39]} {[%emt 00:00:03]} 46.
a4 {[%clk 00:05:10]} {[%emt 00:00:47]} bxa4 {[%clk 00:04:46]} {[%emt 00:00:02]}
47. Rxa4 {[%clk 00:05:18]} {[%emt 00:00:02]} Nd6 {[%clk 00:04:41]} {[%emt
00:00:15]} 48. Ra6 {[%clk 00:05:20]} {[%emt 00:00:08]} g5 {[%clk 00:04:43]}
{[%emt 00:00:08]} 49. f4 {[%clk 00:04:37]} {[%emt 00:00:54]} f6 {[%clk
00:04:16]} {[%emt 00:00:38]} 50. Kf3 {[%clk 00:04:43]} {[%emt 00:00:04]} h5
{[%clk 00:04:23]} {[%emt 00:00:03]} 51. Ra5 {[%clk 00:04:48]} {[%emt 00:00:05]}
1-0

[Event "World Cup 2023 Open"]
[Site "Baku, Azerbaijan"]
[Date "2023.08.04"]
[Round "14.5"]
[White "Daneshvar Bardiya (IRI)"]
[Black "Grischuk Alexander (FID)"]
[Result "1-0"]
[WhiteFideId "12576468"]
[BlackFideId "4126025"]
[WhiteElo "2577"]
[BlackElo "2736"]

1. c4 {[%clk 00:25:19]} Nf6 {[%clk 00:25:12]} {[%emt 00:00:08]} 2. Nc3 {[%clk
00:25:27]} {[%emt 00:00:02]} e5 {[%clk 00:25:17]} {[%emt 00:00:05]} 3. Nf3
{[%clk 00:25:35]} {[%emt 00:00:02]} Nc6 {[%clk 00:25:25]} {[%emt 00:00:01]} 4.
g3 {[%clk 00:25:41]} {[%emt 00:00:04]} Bb4 {[%clk 00:25:24]} {[%emt 00:00:10]}
5. Bg2 {[%clk 00:25:50]} {[%emt 00:00:02]} O-O {[%clk 00:25:21]} {[%emt
00:00:12]} 6. Nd5 {[%clk 00:25:59]} {[%emt 00:00:02]} d6 {[%clk 00:25:27]}
{[%emt 00:00:04]} 7. Nxb4 {[%clk 00:24:48]} {[%emt 00:01:21]} Nxb4 {[%clk
00:25:35]} {[%emt 00:00:02]} 8. O-O {[%clk 00:23:55]} {[%emt 00:01:03]} c5
{[%clk 00:24:05]} {[%emt 00:01:40]} 9. d3 {[%clk 00:23:40]} {[%emt 00:00:25]}
h6 {[%clk 00:23:29]} {[%emt 00:00:46]} 10. h3 {[%clk 00:22:13]} {[%emt
00:01:38]} Re8 {[%clk 00:22:17]} {[%emt 00:01:22]} 11. e4 {[%clk 00:22:14]}
{[%emt 00:00:09]} Rb8 {[%clk 00:22:13]} {[%emt 00:00:14]} 12. a3 {[%clk
00:20:17]} {[%emt 00:02:07]} Nc6 {[%clk 00:22:20]} {[%emt 00:00:02]} 13. b4
{[%clk 00:19:41]} {[%emt 00:00:46]} cxb4 {[%clk 00:17:16]} {[%emt 00:05:15]} 14.
axb4 {[%clk 00:19:50]} {[%emt 00:00:01]} b5 {[%clk 00:17:25]} {[%emt 00:00:01]}
15. c5 {[%clk 00:18:15]} {[%emt 00:01:45]} dxc5 {[%clk 00:09:12]} {[%emt
00:08:23]} 16. bxc5 {[%clk 00:18:23]} {[%emt 00:00:02]} a5 {[%clk 00:09:21]}
{[%emt 00:00:01]} 17. Bb2 {[%clk 00:17:12]} {[%emt 00:01:21]} a4 {[%clk
00:09:29]} {[%emt 00:00:02]} 18. Re1 {[%clk 00:16:25]} {[%emt 00:00:57]} Be6
{[%clk 00:07:46]} {[%emt 00:01:53]} 19. Nxe5 {[%clk 00:10:32]} {[%emt
00:06:03]} Nxe5 {[%clk 00:07:52]} {[%emt 00:00:04]} 20. Bxe5 {[%clk 00:10:41]}
{[%emt 00:00:02]} Bb3 {[%clk 00:07:58]} {[%emt 00:00:04]} 21. Bxf6 {[%clk
00:10:49]} {[%emt 00:00:01]} Qxf6 {[%clk 00:08:05]} {[%emt 00:00:03]} 22. Qd2
{[%clk 00:10:12]} {[%emt 00:00:47]} Qd4 {[%clk 00:08:01]} {[%emt 00:00:14]} 23.
c6 {[%clk 00:09:47]} {[%emt 00:00:36]} Rec8 {[%clk 00:03:22]} {[%emt 00:04:49]}
24. Rac1 {[%clk 00:08:51]} {[%emt 00:01:06]} b4 {[%clk 00:03:31]} {[%emt
00:00:01]} 25. e5 {[%clk 00:02:12]} {[%emt 00:06:50]} Bd5 {[%clk 00:03:20]}
{[%emt 00:00:21]} 26. c7 {[%clk 00:01:35]} {[%emt 00:00:46]} Rb7 {[%clk
00:03:18]} {[%emt 00:00:13]} 27. Rc4 {[%clk 00:01:06]} {[%emt 00:00:39]} Bxc4
{[%clk 00:02:15]} {[%emt 00:01:13]} 28. Bxb7 {[%clk 00:01:15]} {[%emt
00:00:02]} Rxc7 {[%clk 00:02:08]} {[%emt 00:00:17]} 29. Qxb4 {[%clk 00:01:23]}
{[%emt 00:00:02]} Qxd3 {[%clk 00:01:25]} {[%emt 00:00:53]} 30. Qxa4 {[%clk
00:01:14]} {[%emt 00:00:20]} Qc3 {[%clk 00:00:28]} {[%emt 00:01:05]} 31. Qe8+
{[%clk 00:00:30]} {[%emt 00:00:55]} Kh7 {[%clk 00:00:37]} 32. Be4+ {[%clk
00:00:37]} {[%emt 00:00:03]} g6 {[%clk 00:00:46]} {[%emt 00:00:01]} 33. Rd1
{[%clk 00:00:46]} h5 {[%clk 00:00:12]} {[%emt 00:00:44]} 34. Rd8 {[%clk
00:00:23]} {[%emt 00:00:32]} Qe1+ {[%clk 00:00:18]} {[%emt 00:00:05]} 35. Kh2
{[%clk 00:00:21]} {[%emt 00:00:12]} Qxf2+ {[%clk 00:00:23]} {[%emt 00:00:05]}
36. Bg2 {[%clk 00:00:29]} {[%emt 00:00:01]} Kh6 {[%clk 00:00:30]} {[%emt
00:00:03]} 37. h4 {[%clk 00:00:37]} {[%emt 00:00:03]} 1-0

[Event "World Cup 2023 Open"]
[Site "Baku, Azerbaijan"]
[Date "2023.08.04"]
[Round "14.6"]
[White "Ivanisevic Ivan (SRB)"]
[Black "Le Quang Liem (VIE)"]
[Result "0-1"]
[WhiteFideId "912417"]
[BlackFideId "12401137"]
[WhiteElo "2536"]
[BlackElo "2728"]

1. d4 {[%clk 00:25:18]} Nf6 {[%clk 00:25:18]} {[%emt 00:00:02]} 2. Nf3 {[%clk
00:25:27]} {[%emt 00:00:01]} d5 {[%clk 00:25:27]} {[%emt 00:00:02]} 3. Bf4
{[%clk 00:25:35]} {[%emt 00:00:02]} c5 {[%clk 00:25:34]} {[%emt 00:00:03]} 4.
e3 {[%clk 00:25:44]} {[%emt 00:00:01]} Nc6 {[%clk 00:25:42]} {[%emt 00:00:02]}
5. Nbd2 {[%clk 00:25:53]} {[%emt 00:00:02]} e6 {[%clk 00:25:50]} {[%emt
00:00:02]} 6. c3 {[%clk 00:25:59]} {[%emt 00:00:04]} cxd4 {[%clk 00:25:57]}
{[%emt 00:00:03]} 7. exd4 {[%clk 00:26:08]} {[%emt 00:00:01]} Nh5 {[%clk
00:26:05]} {[%emt 00:00:02]} 8. Be3 {[%clk 00:26:16]} {[%emt 00:00:02]} Bd6
{[%clk 00:26:12]} {[%emt 00:00:03]} 9. Ne5 {[%clk 00:26:23]} {[%emt 00:00:03]}
Nf6 {[%clk 00:26:20]} {[%emt 00:00:02]} 10. f4 {[%clk 00:26:32]} {[%emt
00:00:02]} Qb6 {[%clk 00:26:27]} {[%emt 00:00:02]} 11. Qc1 {[%clk 00:26:22]}
{[%emt 00:00:20]} Nxe5 {[%clk 00:26:02]} {[%emt 00:00:35]} 12. fxe5 {[%clk
00:26:21]} {[%emt 00:00:11]} Bxe5 {[%clk 00:26:10]} {[%emt 00:00:02]} 13. Nc4
{[%clk 00:26:29]} {[%emt 00:00:02]} Bg3+ {[%clk 00:26:18]} {[%emt 00:00:02]} 14.
hxg3 {[%clk 00:26:38]} {[%emt 00:00:02]} dxc4 {[%clk 00:26:27]} {[%emt
00:00:02]} 15. Bxc4 {[%clk 00:26:37]} {[%emt 00:00:11]} Qc6 {[%clk 00:26:22]}
{[%emt 00:00:14]} 16. Bf1 {[%clk 00:26:11]} {[%emt 00:00:36]} b6 {[%clk
00:26:15]} {[%emt 00:00:17]} 17. Rh4 {[%clk 00:25:47]} {[%emt 00:00:34]} Bb7
{[%clk 00:25:33]} {[%emt 00:00:52]} 18. Qc2 {[%clk 00:24:49]} {[%emt 00:01:08]}
h6 {[%clk 00:24:41]} {[%emt 00:01:01]} 19. O-O-O {[%clk 00:24:46]} {[%emt
00:00:14]} O-O-O {[%clk 00:24:43]} {[%emt 00:00:08]} 20. c4 {[%clk 00:24:03]}
{[%emt 00:00:53]} g5 {[%clk 00:24:45]} {[%emt 00:00:08]} 21. Rh1 {[%clk
00:24:12]} {[%emt 00:00:02]} Ng4 {[%clk 00:23:13]} {[%emt 00:01:41]} 22. Bg1
{[%clk 00:23:58]} {[%emt 00:00:23]} Kb8 {[%clk 00:23:10]} {[%emt 00:00:14]} 23.
Rh3 {[%clk 00:19:30]} {[%emt 00:04:39]} f5 {[%clk 00:23:00]} {[%emt 00:00:20]}
24. a4 {[%clk 00:18:16]} {[%emt 00:01:24]} Qc7 {[%clk 00:18:19]} {[%emt
00:04:51]} 25. Re1 {[%clk 00:12:36]} {[%emt 00:05:50]} Qd6 {[%clk 00:10:59]}
{[%emt 00:07:29]} 26. Qc3 {[%clk 00:11:50]} {[%emt 00:00:57]} Rc8 {[%clk
00:10:48]} {[%emt 00:00:21]} 27. b3 {[%clk 00:09:50]} {[%emt 00:02:10]} Qa3+
{[%clk 00:10:11]} {[%emt 00:00:47]} 28. Kb1 {[%clk 00:06:02]} {[%emt 00:03:58]}
e5 {[%clk 00:10:04]} {[%emt 00:00:17]} 29. dxe5 {[%clk 00:04:10]} {[%emt
00:02:02]} Rhd8 {[%clk 00:09:55]} {[%emt 00:00:18]} 30. Bd3 {[%clk 00:03:58]}
{[%emt 00:00:23]} Bxg2 {[%clk 00:09:03]} {[%emt 00:01:02]} 31. Bxf5 {[%clk
00:03:26]} {[%emt 00:00:42]} Bxh3 {[%clk 00:09:07]} {[%emt 00:00:05]} 32. e6
{[%clk 00:03:35]} {[%emt 00:00:02]} Rf8 {[%clk 00:07:37]} {[%emt 00:01:40]} 33.
Bc2 {[%clk 00:02:18]} {[%emt 00:01:27]} Rc7 {[%clk 00:07:13]} {[%emt 00:00:34]}
34. Bd4 {[%clk 00:02:22]} {[%emt 00:00:06]} Bg2 {[%clk 00:06:56]} {[%emt
00:00:26]} 35. Qd2 {[%clk 00:01:31]} {[%emt 00:01:02]} Qd6 {[%clk 00:06:37]}
{[%emt 00:00:29]} 36. a5 {[%clk 00:01:08]} {[%emt 00:00:33]} Rd8 {[%clk
00:06:19]} {[%emt 00:00:27]} 37. axb6 {[%clk 00:01:15]} {[%emt 00:00:04]} axb6
{[%clk 00:06:28]} {[%emt 00:00:01]} 38. Rd1 {[%clk 00:00:36]} {[%emt 00:00:49]}
Bf3 {[%clk 00:06:35]} {[%emt 00:00:03]} 39. Be5 {[%clk 00:00:31]} {[%emt
00:00:15]} Qxd2 {[%clk 00:06:32]} {[%emt 00:00:13]} 40. Rxd2 {[%clk 00:00:36]}
{[%emt 00:00:05]} Rxd2 {[%clk 00:06:40]} {[%emt 00:00:02]} 41. e7 {[%clk
00:00:38]} {[%emt 00:00:08]} Bc6 {[%clk 00:06:47]} {[%emt 00:00:02]} 0-1